|
|
|
|
| LEADER |
00000nab a2200000 a 4500 |
| 001 |
vtls008160699 |
| 003 |
SK-MaSNL |
| 005 |
20260304223300.0 |
| 008 |
180405c2005 xo |||||||| ||00 b|slo |
| 015 |
|
|
|a SNBRB2005/06
|2 snkbucl
|
| 038 |
|
|
|a SNKBUCL
|
| 040 |
|
|
|a SNKBUCL
|b slo
|c SNKBUCL
|e AACR2
|
| 041 |
0 |
|
|a slo
|
| 044 |
|
|
|a xo
|c SK
|
| 080 |
|
|
|a 94(437.6)
|x "1944/1945"
|2 1997
|
| 080 |
|
|
|a 94(100)"1939/1945":355.48
|2 1997
|
| 080 |
|
|
|a 355.48
|x (437.6)
|x "1944/1945"
|2 1997
|
| 080 |
|
|
|a 355.425.4
|x (437.6)
|x "1944/1945"
|2 1997
|
| 100 |
1 |
|
|a Rýs, Ján
|4 aut
|9 382377
|
| 245 |
1 |
0 |
|a Oslávili jubileum oslobodenia
|b Banská Bystrica
|c Ján Rýs
|
| 648 |
|
7 |
|a 1944-1945
|2 snkbucl
|9 282693
|
| 648 |
|
7 |
|a október 1944-marec 1945
|2 snkbucl
|9 1557188
|
| 650 |
0 |
7 |
|a druhá svetová vojna (1939-1945)
|2 snkbucl
|9 169657
|
| 650 |
0 |
7 |
|a dejiny miest
|2 SNKPH
|9 164833
|
| 651 |
|
7 |
|a Banská Bystrica (Slovensko)
|2 snkbucl
|9 22015
|
| 773 |
0 |
|
|t Bojovník
|g Roč. L, č. 7 (2005), s. 4
|x 0323-2018
|
| 852 |
|
|
|a SNK
|b KIS3GCP
|
| 999 |
|
|
|c 3167180
|d 3169110
|